Województwa Polski i ich stolice - Statystyki

Ogólne statystyki
  • Ten quiz został rozwiązany 5 482 razy
  • Średni wynik to 30 z 34
Statystyki odpowiedzi
Nr. Rodzaj Nazwa % Poprawnych
Stolica Warszawa
96%
7. Województwo mazowieckie
95%
11. Województwo pomorskie
95%
16. Województwo zachodniopomorskie
93%
Stolica Gdańsk
93%
4. Województwo lubelskie
92%
3. Województwo lubuskie
92%
6. Województwo małopolskie
92%
12. Województwo śląskie
92%
15. Województwo wielkopolskie
92%
1. Województwo dolnośląskie
92%
Stolica Kraków
92%
8. Województwo opolskie
91%
10. Województwo podlaskie
90%
14. Województwo warmińsko-mazurskie
90%
Stolica Lublin
90%
Stolica Opole
90%
Stolica Szczecin
90%
Stolica Łódź
89%
Stolica Poznań
89%
Stolica Białystok
88%
13. Województwo świętokrzyskie
88%
2. Województwo kujawsko-pomorskie
88%
Stolica Katowice
88%
Stolica Wrocław
88%
5. Województwo łódzkie
87%
9. Województwo podkarpackie
87%
Stolica Bydgoszcz
87%
Stolica Toruń
87%
Stolica Zielona Góra
87%
Stolica Rzeszów
83%
Stolica Olsztyn
82%
Stolica Kielce
81%
Stolica Gorzów Wielkopolski
80%
Nie znaleziono quizów pasujących do podanych kryteriów
Rozkład punktacji
Procent ludzi z każdym wynikiem
Percentyl według liczby udzielonych odpowiedzi
Twoja historia wyników
Nie rozwiązałeś tego quizu